| 000 | 00703nam a2200217 a 4500 | ||
|---|---|---|---|
| 999 |
_c3853 _d3853 |
||
| 001 | 3853 | ||
| 003 | BD-JhCC | ||
| 005 | 20180402194715.0 | ||
| 008 | 171119s1958 ii a|||| ||a| 000 0 ben d | ||
| 035 | _a(BD-JhCC)3853 | ||
| 040 |
_aBD-JhCC _dBD-JhCC |
||
| 041 | _aben | ||
| 082 |
_a891.442 _bMOY 1958 |
||
| 245 |
_aমৈমনসিংহ-গীতিকা _cদীনেশচন্দ্র সেন সঙ্কলিত |
||
| 260 |
_aকলিকাতা : _bকলিকাতা বিশ্ববিদ্যালয়, _c1958 |
||
| 300 |
_a392 p. : _c24 cm. |
||
| 650 | _aBengali Poetry | ||
| 700 | _aসেন, দীনেশচন্দ্র | ||
| 942 |
_2ddc _cBK |
||